书目信息 |
| 书名: | The World’s last mysteries | |
| 作者: | ||
| 分册号: | ||
| 分册名: | 出版地: | Pleasantville, N.Y. : |
|
| 出版社: | Reader’s Digest Association | |
| 出版时间: | c1978. | |
| 页数: | 319 p. : | |
| 开本: | 29 cm. | |
| 丛书名: | ||
| 中图分类号: | ||
| 科图分类号: | ||
| 其他分类号: | K11 | |
| 主题词: | ||
| 电子资源: | ||
| 000 | 01037cam a2200325 i 450 | |
| 001 | E0755566781 | |
| 005 | 20070519152819.35 | |
| 008 | 780510s1978 nyua 001 0 eng | |
| 010 | @a77087127 | |
| 020 | @a089577044X :@c$11.97. | |
| 035 | @A(DLC) 77087127 | |
| 040 | @aDLC@cDLC@dDLC | |
| 041 | 1 | @aengfre |
| 050 | 00 | @aCB311@b.D4713 1978 |
| 082 | 00 | @a930.1 |
| 090 | @aK11 | |
| 099 | @dK11@ex39 | |
| 240 | 04 | @aLes Derniers myste?res du monde. English |
| 245 | 04 | @aThe World’s last mysteries. |
| 260 | @aPleasantville, N.Y. :@bReader’s Digest Association,@cc1978. | |
| 300 | @a319 p. :@bill. ;@c29 cm. | |
| 500 | @aTranslation of Les derniers myste?res du monde. | |
| 500 | @aIncludes index. | |
| 500 | @aAt head of title: Reader’s digest. | |
| 650 | 0 | @aCivilization, Ancient. |
| 650 | 0 | @aAntiquities. |
| 650 | 0 | @aPrehistoric peoples. |
| 710 | 2 | @aReader’s Digest Association. |
| 906 | @a7@bcbc@corignew@d2@eopcn@f19@gy-gencatlg | |
| 991 | @bc-GenColl@hCB311@i.D4713 1978@p00004440857@tCopy 1@wBOOKS | |
| The World’s last mysteries.-Pleasantville, N.Y. : : Reader’s Digest Association, , c1978. |
| 319 p. : : ill. ; ; 29 cm. |
| Translation of Les derniers myste?res du monde.-Includes index.-At head of title: Reader’s digest. |
| ISBN 089577044X :$11.97. |
| ● |
| 相关链接 |
|
|
|
|
正题名:World's last mysteries
索取号:K11/x39
 
预约/预借
| 序号 | 登录号 | 条形码 | 馆藏地/架位号 | 状态 | 备注 |
| 1 | 9988 | 300099881 | 第二样本阅览室/ [索取号:K11/x39] | 在馆 |